000 01015nam a2200253 a 4500
001 83944
003 BD-RjUL
005 20240701100049.0
008 240701s2007 bg a|||| m||| 00| 0 eng d
035 _a(BD-RjUL)83944
040 _aBD-RjUL
_beng
_cBD-RjUL
_dBD-RjUL
041 _aeng
082 _223
_a639.2
_bISF 2007
100 _aIslam, Md. Nur
_913409
245 1 0 _aFishries Eco-Biology of Beel Koshba of Naogaon District /
_cBy Md. Nur Islam ;
_6Principal Supervisor : Md. Safinur Rahman, Co-Supervisor : Md. Redwanur Rahman
260 _aRajshahi :
_bInstitute of Environmental Science, University of Rajshahi,
_c2007
300 _axiii, 151 Leaves :
_bill, ;
_c29 cm.
502 _aThesis (Ph. D.) -- Institute of Environmental Science, University of Rajshahi, 2007
504 _aReferences : Leaves 116-133
650 _aCommercial Fishries
_vBeel Koshba
_913410
700 _aRahman, Md. Safinur, Principal Supervisor
_97256
700 _aRahman, Md. Redwanur, Co-Supervisor
_91867
942 _2ddc
_cTHE
999 _c83944
_d83944